MARC

LEADER 00000nam a2200000 a 4500
001 26126
003 Arxiu
005 20260324181127.0
008 220701b spa||||| |||| 00| 0 cat d
017 |a DL B 3932-2019 
080 |a FU-71-51 
100 |9 53691  |a Miró Bedós, Joan 
245 |a Manteniment de centres educatius /  |c textos: Joan Miró Bedós 
250 |a Primera edició 
260 |a Barcelona :   |b Diputació de Barcelona. Àrea de Cultura, Educació i Esports. Gerència de Serveis d'Educació,  |c febrer de 2019 
300 |a 44 pàgines :  |b il·lustracions ;  |c 21 cm. 
490 |a Guies de política educativa local ;  |v 2 
650 0 |9 47356  |a Escoles  |x Administració  
650 0 |9 53464  |a Escoles  |x Administració   |v Manuals, guies, etc. 
655 0 |a Fulletons  |9 55858 
710 |9 52167  |a Barcelona (Catalunya : Província).  |b Gerència de Serveis d'Educació 
856 4 0 |u https://llibreria.diba.cat/cat/llibre/manteniment-de-centres-educatius_61334  |y Accés lliure (Llibreria de la Diputació de Barcelona) 
942 |2 udc  |n 1  |c ARXIU 
952 |0 0  |1 0  |4 0  |6 FU7151  |7 1  |9 62614  |a Arxiu  |b Arxiu  |d 2022-07-01  |l 0  |o FU-71-51  |p 26126  |r 2022-07-01 00:00:00  |w 2022-07-01  |y ARXIU 
999 |c 82169  |d 82169